000 00288nam a22001337a 4500
008 170322b xxu||||| |||| 00| 0 eng d
020 _a9780465044054
041 _aeng
080 _a616.8
100 _a7
101 _aSHM
245 _aTHE BIRTH OF THE BIND
_cMARCUS.G
942 _2udc
_cBK
999 _c8338
_d8338